000 00597nam a22001937a 4500
999 _c157894
_d157894
005 20181008114621.0
010 _aENG-124207
020 _c195.00
_a97881838188X
035 _aEN-107739
037 _bDBAD/PUB
082 _a495.782421
100 _aMishra, Ravikesh
245 _aLearn to speak and write korean /
_cby Ravikesh Mishra
260 _aNew Delhi
_c2011
_bLotus Press
270 _bNew Delhi
_a4263/3, Ansari Raod, Darya Ganj,
_e110002
300 _a205p.
_c21(pbk.)
_bill.
500 _aIt includes word glossary and C.D.
942 _2ddc
_cEN
_h495.782421
_mMIS